000 01026nam0a22002531 4500
001 rc\4994358
005 20250613054745.0
035 _a(NLR Aleph) 008973608
090 _a9140529
_c9140529
100 _a20130430d1965 |||y0rusy50 ca
101 0 _arus
102 _aRU
105 _aa z |||||
200 1 _aЭлектромагнитное приспособление для отключения газа
_fГос. Ком. Совет Министров РСФСР по координации науч.-исслед. работ. Гос. Науч.-исслед. ин-т науч. техн. информации
210 _aМосква
_cБ. и.
_d1965
215 _a6 с.
_cсхем.
_d14
225 1 _aПередовой научно-технический и производственный опыт
_v№ 10-65-599/15
700 1 _aСпиричев
_bС.В.
701 1 _aГригорьев
_bЕ.М.
801 0 _aRU
_bNLR
_gpsbo
801 1 _aRU
_bELAR
_2rusmarc
852 _aNLR
_jП11/2295
942 _cBOOK
980 _aNB